000 00955cad a22002175a 4500
001 E154478
008 111213s2011 xxk f s000 0 eng d
020 _a9781780455303
035 _a(Sirsi) u154478
041 0 _aeng
110 2 _aScotland
_bScottish Government
_95344
245 0 0 _aAquaculture and Fisheries Bill
_bconsultation document
_h[electronic resource]
260 _aEdinburgh
_bScottish Government
_c2011
520 _aSeeks views on a proposed Aquaculture and Fisheries Bill, and looks at the main issues and priorities for possible legislation in relation to aquaculture and freshwater fisheries. Deadline for comments is 2 March 2011.
590 _aKA
651 4 _aScotland
_y1999-
690 _aPROPERTY-RURAL AND NATURAL ASSETS-WATER RESOURCES
710 1 _aMarine Scotland
_95740
856 4 0 _uhttps://www.scotland.gov.uk/Publications/2011/12/06081229/0
_zView the consultation free of charge at www.scotland.gov.uk
942 _n0
999 _c113003
_d113003